| 000 | 01444cab a2200301 4500 | ||
|---|---|---|---|
| 001 | E2708 | ||
| 008 | 090401t1996 xxu||||| |||| 00| 0 eng d | ||
| 035 | _a(Sirsi) u40590 | ||
| 041 | _aeng | ||
| 245 | _aWatson & Philip plc v Assessor for Grampian Region | ||
| 260 | _c1996 | ||
| 350 | _a0 | ||
| 490 |
_aScots Law Times _v1996 SLT 247-255(9) |
||
| 520 | _aLands Valuation Appeal Court. Lords Cullen, Milligan and Cameron of Lochbroom. 8 Jul 1994. Valuation - subjects - plant and machinery - chill store within warehouse occupying most of warehouse and forming part of one wall - whether "plant wholly or mainly within a building" - whether "used wholly or mainly in connection with the ... cooling ... of ... the lands and heritages" - whether excluded from scope of "machinery fixed or attached" as removable without neccessitating removal of any part of building. Valuation - appeal - procedure - notice by respondent of intention to renew argument unsuccessful before valuation appeal committee. | ||
| 650 | _aCHILL STORES | ||
| 650 | _aCOLD STORES | ||
| 650 | _aINDUSTRIAL PROPERTY | ||
| 650 | _aLANDS VALUATION (SCOTLAND) ACT 1854 | ||
| 650 | _aLANDS VALUATION (SCOTLAND) AMENDMENT ACT 1902 | ||
| 650 | _aLANDS VALUATION APPEAL COURT | ||
| 650 | _aLVAC | ||
| 650 | _aSCOTLAND | ||
| 650 |
_aValuation _96273 |
||
| 650 | _aWAREHOUSES | ||
| 690 | _aRATING AND VALUATION-CASE LAW | ||
| 942 | _n0 | ||
| 948 | _c04/03/1997 | ||
| 999 |
_c26005 _d26005 |
||